Statistiken für Länder mit den meisten Pistolen

Klicken Sie hier um das Quiz zu spielen!

Allgemein

  • Dieses Quiz wurde 122 mal gespielt
  • Das Durchschnittsergebnis liegt bei 3 aus 10

Antwortstatistiken

Pistolen Pro PersonLand% Korrekt
120.50Vereinigte Staaten
99%
34.70Kanada
74%
52.80Jemen
17%
39.10Serbien
17%
32.40Finnland
15%
34.70Uruguay
9%
39.00Montenegro
8%
31.70Island
7%
31.90Libanon
7%
34.00Zypern
2%

Verteilung der Resultate

Perzentil nach korrekt beantworteten Fragen

Anzahl Personen mit jedem Resultat

Ihre Resultats-Entwicklung

Sie haben dieses Quiz noch nicht gespielt